An investigation of the problems caused to the construction industry in the United Kingdom by bats (Record no. 102122)

MARC details
000 -LEADER
fixed length control field 01270cam a2200229 4500
001 - CONTROL NUMBER
control field J118302
008 - FIXED-LENGTH DATA ELEMENTS--GENERAL INFORMATION
fixed length control field 020131n2002 000 0 eng u
022 ## - INTERNATIONAL STANDARD SERIAL NUMBER
International Standard Serial Number 1354-506X
035 ## - SYSTEM CONTROL NUMBER
System control number (Sirsi) u118302
041 ## - LANGUAGE CODE
Language code of text/sound track or separate title eng
050 ## - LIBRARY OF CONGRESS CALL NUMBER
Classification number 599.4
-- 18
100 ## - MAIN ENTRY--PERSONAL NAME
Personal name Fenn, Peter
245 #3 - TITLE STATEMENT
Title An investigation of the problems caused to the construction industry in the United Kingdom by bats
260 ## - PUBLICATION, DISTRIBUTION, ETC.
Place of publication, distribution, etc. London
Name of publisher, distributor, etc. RICS Foundation
Date of publication, distribution, etc. 2002
490 ## - SERIES STATEMENT
Series statement RICS Foundation Research Papers
Volume/sequential designation 4(11)
520 ## - SUMMARY, ETC.
Summary, etc. Paper outlining the protection afforded to bats and their roosts and how many everyday construction operations may disturb bats and their roosts can be illegal. The need for liaison with the relevant statutory bodies is emphasised and the detection techniques available for discovering bats are described. Suggests construction techniques sympathetic to bats in two areas: programming to minimise disturbance, and the use of materials and techniques beneficial, or at least benign to bats
650 ## - SUBJECT ADDED ENTRY--TOPICAL TERM
Topical term or geographic name entry element BATS
690 ## - LOCAL SUBJECT ADDED ENTRY--TOPICAL TERM (OCLC, RLIN)
Topical term or geographic name as entry element BUILT ENVIRONMENT
710 ## - ADDED ENTRY--CORPORATE NAME
Corporate name or jurisdiction name as entry element Royal Institution of Chartered Surveyors
Subordinate unit Foundation
9 (RLIN) 4173
856 ## - ELECTRONIC LOCATION AND ACCESS
Uniform Resource Identifier <a href="https://www.rics.org/site/download_feed.aspx?fileID=2151&fileExtension=PDF">https://www.rics.org/site/download_feed.aspx?fileID=2151&fileExtension=PDF</a>
Hours access method available View this document for free at www.rics.org...
942 ## - ADDED ENTRY ELEMENTS (KOHA)
Suppress in OPAC 0
Holdings
Withdrawn status Lost status Source of classification or shelving scheme Damaged status Not for loan Home library Current library Shelving location Date acquired Total Checkouts Full call number Barcode Date last seen Copy number Price effective from Koha item type
    Dewey Decimal Classification     Virtual Virtual Online 30/06/2003   ONLINE PUBLICATION 118302-2001 06/08/2019 1 06/08/2019 Book